| 000 -ლიდერი |
| ფიქსირებული სიგრძის საკონტროლო ველი |
01517nam a22002657a 4500 |
| 003 - საკონტროლო ნომრის იდენტიფიკატორი |
| საკონტროლო ველი |
Ge_BSU |
| 005 - ბოლო ოპერაციის თარიღი და დრო |
| საკონტროლო ველი |
20231121101911.0 |
| 008 - ფიქსირებული სიგრძის მონაცემთა ელემენტები - ზოგადი ინფორმაცია |
| ფიქსირებული სიგრძის საკონტროლო ველი |
231121s2022 ge ||||| |||| 00| 0 geo d |
| 020 ## - წიგნის საერთაშორისო სტანდარტული ნომერი |
| International Standard Book Number |
9789941844256 |
| 041 ## - ენის კოდი |
| Language code of text/sound track or separate title |
geo |
| 080 ## - უნივერსალური ათობითი კლასიფიკაციის ინდექსი |
| Universal Decimal Classification number |
616.314-089 გ-59 |
| 100 ## - მთავარი ჩანაწერი - პიროვნების სახელი |
| Personal name |
გოგილაშვილი, ქეთევან |
| 9 (RLIN) |
3387 |
| 245 ## - ცნობა სათაურის შესახებ |
| Title |
კლინიკური პაროდონტოლოგია: |
| Remainder of title |
პირველი ტომი / |
| Statement of responsibility, etc |
ქეთევან გოგილაშვილი, თეა ნაცვლიშვილი. |
| 264 ## - წარმოების, გამოცემის, დისტრიბუციის და სხვა ცნობები |
| გამოცემის, წარმოების, დისტრიბუციის... ადგილი |
[ქ.გ.]: |
| გამოცემის, წარმოების, დისტრიბუციის... სახელწოდება |
[გ.გ.], |
| გამოცემის, წარმოების, დისტრიბუციის... თარიღი |
2022. |
| 300 ## - ფიზიკური აღწერა |
| Extent |
514 გვ.: |
| Other physical details |
ილ.; |
| Dimensions |
25 სმ. |
| 504 ## - BIBLIOGRAPHY, ETC. NOTE |
| Bibliography, etc |
ბიბლიოგრ. ყველა თავების ბოლოს |
| 653 ## - INDEX TERM--UNCONTROLLED |
| Uncontrolled term |
პაროდონტის დაავადებათა კლასიფიკაციების ისტორიული მიმოხილვა |
| 653 ## - INDEX TERM--UNCONTROLLED |
| Uncontrolled term |
პაროდონტის კლინიკური ანატომია |
| 653 ## - INDEX TERM--UNCONTROLLED |
| Uncontrolled term |
ღრძილის დაავადებები |
| 653 ## - INDEX TERM--UNCONTROLLED |
| Uncontrolled term |
კვება და პირის ღრუს ჯანმრთელობა |
| 653 ## - INDEX TERM--UNCONTROLLED |
| Uncontrolled term |
პაროდონტიტი--პაროდონტის მწვავე დაავადებები |
| 653 ## - INDEX TERM--UNCONTROLLED |
| Uncontrolled term |
სტომატოლოგია |
| 700 ## - ADDED ENTRY--PERSONAL NAME |
| Personal name |
ნაცვლიშვილი, თეა |
| Relator term |
ავტორი |
| 9 (RLIN) |
10193 |
| 942 ## - ADDED ENTRY ELEMENTS (KOHA) |
| Source of classification or shelving scheme |
|
| Koha item type |
წიგნი |